|
|
|
|
| LEADER |
01118nam a2200289 a 4500 |
| 001 |
15421162 |
| 008 |
111208s2009 maua b 001 0 eng |
| 010 |
|
|
|a 2008037021
|
| 020 |
|
|
|a 9780073377841 (hbk. : alk. paper)
|
| 020 |
|
|
|a 0073377848 (hbk. : alk. paper)
|
| 020 |
|
|
|a 9780070091771
|
| 040 |
|
|
|a DLC
|c DLC
|d DLC
|d BD-DhAAL
|
| 050 |
0 |
0 |
|a TS155
|b .S7824 2009
|
| 082 |
0 |
0 |
|a 658.5
|2 22
|
| 100 |
1 |
|
|a Stevenson, William J.
|
| 245 |
1 |
0 |
|a Operations management /
|c William J. Stevenson.
|
| 250 |
|
|
|a 10th ed.
|
| 260 |
|
|
|a Boston :
|b McGraw-Hill/Irwin,
|c c2009.
|
| 300 |
|
|
|a xxxii, 906 p. :
|b ill. (chiefly col.) ;
|c 29 cm.
|
| 490 |
0 |
|
|a The McGraw-Hill/Irwin series operations and decision sciences
|
| 504 |
|
|
|a Includes bibliographical references and indexes.
|
| 541 |
|
|
|e 00023909
|
| 650 |
|
0 |
|a Production management.
|
| 852 |
1 |
|
|a Ayesha Abed Library
|c General shelf.
|
| 942 |
0 |
0 |
|0 1
|
| 999 |
|
|
|c 11533
|d 11533
|
| 952 |
|
|
|0 0
|1 0
|2 ddc
|4 0
|6 658_500000000000000_STE
|7 0
|9 18776
|a BRACUL
|b BRACUL
|c GEN
|d 2011-12-01
|e Essence Science Publications
|g 2845.00
|l 30
|m 167
|o 658.5 STE
|p 3010023909
|r 2026-04-06
|s 2026-03-29
|t 1
|w 2011-12-07
|y BK
|